THE SCIENTIFIC REVOLUTION AND WORLD POLITICS (Record no. 585226)

000 -LEADER
fixed length control field 00268nam a22001097a 4500
082 ## - DEWEY DECIMAL CLASSIFICATION NUMBER
Classification number 327 HAS'S
100 ## - MAIN ENTRY--PERSONAL NAME
Personal name HASKINS, CARYL P
9 (RLIN) 80285
245 ## - TITLE STATEMENT
Title THE SCIENTIFIC REVOLUTION AND WORLD POLITICS
260 ## - PUBLICATION, DISTRIBUTION, ETC.
Place of publication, distribution, etc. NEWYORK
Name of publisher, distributor, etc. HARPER & ROW
Date of publication, distribution, etc. 1964
300 ## - PHYSICAL DESCRIPTION
Extent 115P
942 ## - ADDED ENTRY ELEMENTS (KOHA)
Koha item type Book
Holdings
Withdrawn status Lost status Damaged status Not for loan Permanent Location Current Location Shelving location Date acquired Total Checkouts Full call number Barcode Date last seen Price effective from Koha item type
        College of Electrical & Mechanical Engineering (CEME) College of Electrical & Mechanical Engineering (CEME) General Stacks 07/07/2017   327 HAS'S CEME-5468 06/28/2021 06/28/2021 Book
© 2023 Central Library, National University of Sciences and Technology. All Rights Reserved.